Herbart and Herbartianism; an educational ghost story

Saved in:
Bibliographic Details
Main Author: Dunkel, Harold Baker, 1912-
Format: Book
Language:English
Published: Chicago, University of Chicago Press [1970]
Subjects:
LEADER 00935nam a2200241 4500
001 c000035641
003 CARM
005 00000000000000.0
008 701013s1970 ilu b 00110 eng
019 1 |a 215871  |z 21737875  |z 23896086  |5 LACONCORD2021 
020 |a 226172198 
035 |a (OCoLC)111533  |5 LACONCORD2021 
050 0 0 |a LB648  |b .D96 
100 1 |a Dunkel, Harold Baker,  |d 1912- 
245 1 |a Herbart and Herbartianism;  |b an educational ghost story  |c [by] Harold B. Dunkel. 
260 |a Chicago,  |b University of Chicago Press  |c [1970] 
300 |a xi, 301 p.  |c 21 cm. 
504 |a "Bibliographical note": p. [289]-294. 
600 1 0 |a Herbart, Johann Friedrich,  |d 1776-1841. 
852 8 |b CARM  |h A2:AH31A0  |i B03735  |p 0181348  |f BK 
082 0 4 |a 370.1/0924 
999 f f |i 96c650c5-17a8-53d8-943e-4cd013d5ac14  |s e8294a29-eaa9-5974-921d-9b914156aa83 
952 f f |p Can circulate  |a CAVAL  |b CAVAL  |c CAVAL  |d CARM 1 Store  |e B03735  |f A2:AH31A0  |h Other scheme  |i book  |m 0181348